000 00532nam a22002417a 4500
003 UA-OsUOA
001 32390
007 ta
008 20050201b un ||||| |||| 00| 0 ukr d
090 _a330.8
_bР51
942 _cBK
040 _aUA-OsUOA
_brus
_cUA-OsUOA
_dUA-OsUOA
245 _aРынок
_cСост. А.А.Чухно
300 _a448 с.
955 _a0
041 _arus
080 _a330.8
020 _a5-319-00921-6
260 _aКиев
_b"Україна"
_c1995
044 _aRU
650 7 _2UDC
999 _c318832
_d318832